[Event "Moscow Open 2016 A"]
[Site "?"]
[Date "2016.02.04"]
[Round "6.12"]
[White "Frolyanov, Dmitry"]
[Black "Abdusattorov, Nodirbek"]
[Result "1-0"]
[BlackElo "2430"]
[WhiteElo "2563"]
[LiveChessVersion "1.4.7"]

1. e4 {[%clk 1:30:57]} e5 {[%clk 1:30:32]} 2. Nf3 {[%clk 1:31:22]} Nc6
{[%clk 1:30:24]} 3. Bb5 {[%clk 1:31:45]} a6 {[%clk 1:30:20]} 4. Ba4
{[%clk 1:32:10]} Nf6 {[%clk 1:29:55]} 5. O-O {[%clk 1:32:33]} Be7
{[%clk 1:30:15]} 6. Re1 {[%clk 1:32:50]} b5 {[%clk 1:29:54]} 7. Bb3
{[%clk 1:33:14]} d6 {[%clk 1:29:46]} 8. c3 {[%clk 1:33:36]} O-O {[%clk 1:28:33]}
9. h3 {[%clk 1:33:39]} Na5 {[%clk 1:28:00]} 10. Bc2 {[%clk 1:33:56]} c5
{[%clk 1:28:08]} 11. d4 {[%clk 1:34:18]} Qc7 {[%clk 1:28:28]} 12. Nbd2
{[%clk 1:34:20]} cxd4 {[%clk 1:28:35]} 13. cxd4 {[%clk 1:34:36]} Nc6
{[%clk 1:28:58]} 14. Nb3 {[%clk 1:33:38]} a5 {[%clk 1:28:15]} 15. Be3
{[%clk 1:33:30]} a4 {[%clk 1:28:10]} 16. Nbd2 {[%clk 1:33:44]} Bd7
{[%clk 1:26:23]} 17. Rc1 {[%clk 1:30:45]} Qb7 {[%clk 1:25:37]} 18. Nf1
{[%clk 1:29:55]} Rfc8 {[%clk 1:25:22]} 19. Ng3 {[%clk 1:29:22]} h6
{[%clk 1:23:37]} 20. Qe2 {[%clk 1:22:58]} Rab8 {[%clk 1:12:39]} 21. Red1
{[%clk 1:21:07]} Bd8 {[%clk 1:11:07]} 22. a3 {[%clk 1:16:10]} Bb6
{[%clk 1:04:00]} 23. dxe5 {[%clk 1:15:04]} dxe5 {[%clk 1:02:38]} 24. Bd3
{[%clk 1:10:11]} Be6 {[%clk 0:48:16]} 25. Rc3 {[%clk 1:03:45]} Bxe3
{[%clk 0:47:12]} 26. Qxe3 {[%clk 1:04:05]} Nd7 {[%clk 0:45:00]} 27. Nf5
{[%clk 0:57:20]} Bxf5 {[%clk 0:43:23]} 28. exf5 {[%clk 0:57:41]} b4
{[%clk 0:29:52]} 29. axb4 {[%clk 0:55:04]} Nxb4 {[%clk 0:28:12]} 30. Bc4
{[%clk 0:48:11]} Nb6 {[%clk 0:26:33]} 31. Nxe5 {[%clk 0:38:57]} Nxc4
{[%clk 0:25:45]} 32. Rxc4 {[%clk 0:36:47]} Rxc4 {[%clk 0:26:02]} 33. Nxc4
{[%clk 0:37:12]} Nd5 {[%clk 0:26:19]} 34. Qf3 {[%clk 0:34:41]} Nb6
{[%clk 0:17:47]} 35. Qxb7 {[%clk 0:34:23]} Rxb7 {[%clk 0:18:10]} 36. Rd8+
{[%clk 0:34:49]} Kh7 {[%clk 0:18:28]} 37. Nd6 {[%clk 0:30:33]} Rc7
{[%clk 0:17:38]} 38. Rf8 {[%clk 0:27:41]} f6 {[%clk 0:16:39]} 39. Rb8
{[%clk 0:23:46]} Nc4 {[%clk 0:16:52]} 40. Nb5 {[%clk 0:52:02]} Rc5
{[%clk 0:46:27]} 41. Nd4 {[%clk 0:38:01]} Rd5 {[%clk 0:43:38]} 42. Ne6
{[%clk 0:37:28]} Rxf5 {[%clk 0:43:14]} 43. g4 {[%clk 0:27:46]} Rf3
{[%clk 0:40:22]} 44. Rb4 {[%clk 0:26:03]} Ne5 {[%clk 0:40:44]} 45. Rxa4
{[%clk 0:21:44]} Rxh3 {[%clk 0:40:45]} 46. Ra7 {[%clk 0:20:48]} Rb3
{[%clk 0:41:03]} 47. f4 {[%clk 0:18:00]} Nc4 {[%clk 0:28:39]} 48. Rxg7+
{[%clk 0:17:50]} Kh8 {[%clk 0:29:04]} 49. Rg6 {[%clk 0:16:31]} Kh7
{[%clk 0:28:02]} 50. Nf8+ {[%clk 0:16:44]} Kh8 {[%clk 0:28:24]} 51. Nd7
{[%clk 0:16:38]} f5 {[%clk 0:25:56]} 52. Nf6 {[%clk 0:15:47]} Rb8
{[%clk 0:26:17]} 53. Rxh6+ {[%clk 0:13:56]} Kg7 {[%clk 0:26:39]} 54. g5
{[%clk 0:14:20]} Rxb2 {[%clk 0:25:12]} 55. Nh5+ {[%clk 0:14:34]} Kg8
{[%clk 0:25:03]} 56. Rg6+ {[%clk 0:14:47]} Kh7 {[%clk 0:23:41]} 57. Rg7+
{[%clk 0:14:43]} Kh8 {[%clk 0:24:04]} 58. Re7 {[%clk 0:13:12]} Rb1+
{[%clk 0:22:26]} 59. Kg2 {[%clk 0:13:11]} Rb2+ {[%clk 0:22:07]} 60. Kh3
{[%clk 0:12:20]} Rb1 {[%clk 0:19:32]} 61. Nf6 {[%clk 0:12:04]} Rh1+
{[%clk 0:19:41]} 62. Kg2 {[%clk 0:12:21]} 1-0

[Event "Moscow Open 2016 A"]
[Site "?"]
[Date "2016.02.04"]
[Round "6.13"]
[White "Lintchevski, Daniil"]
[Black "Faizrakhmanov, Ramil"]
[Result "1-0"]
[BlackElo "2426"]
[WhiteElo "2563"]
[LiveChessVersion "1.4.7"]

1. e4 {[%clk 1:30:53]} c6 {[%clk 1:30:35]} 2. d4 {[%clk 1:31:15]} d5
{[%clk 1:30:52]} 3. e5 {[%clk 1:31:35]} Bf5 {[%clk 1:31:09]} 4. Nf3
{[%clk 1:31:58]} e6 {[%clk 1:31:25]} 5. Be2 {[%clk 1:32:22]} Ne7 {[%clk 1:31:29]}
6. O-O {[%clk 1:32:43]} c5 {[%clk 1:31:10]} 7. Na3 {[%clk 1:33:01]} Nec6
{[%clk 1:29:01]} 8. c4 {[%clk 1:30:43]} Be4 {[%clk 1:24:32]} 9. Nb5
{[%clk 1:29:34]} a6 {[%clk 1:17:03]} 10. Bg5 {[%clk 1:23:45]} Qd7
{[%clk 1:16:29]} 11. Nc3 {[%clk 1:10:06]} cxd4 {[%clk 1:08:23]} 12. Nxd4
{[%clk 1:08:02]} Bc5 {[%clk 0:55:53]} 13. Nb3 {[%clk 1:00:23]} Ba7
{[%clk 0:55:27]} 14. cxd5 {[%clk 0:57:55]} Bxd5 {[%clk 0:55:04]} 15. Nxd5
{[%clk 0:58:13]} Qxd5 {[%clk 0:54:58]} 16. Qxd5 {[%clk 0:57:37]} exd5
{[%clk 0:55:21]} 17. Bf3 {[%clk 0:56:54]} h6 {[%clk 0:54:38]} 18. Bf4
{[%clk 0:52:34]} d4 {[%clk 0:54:46]} 19. Rac1 {[%clk 0:49:13]} O-O
{[%clk 0:54:15]} 20. Rfd1 {[%clk 0:49:00]} Re8 {[%clk 0:50:19]} 21. Kf1
{[%clk 0:45:25]} Bb6 {[%clk 0:47:32]} 22. Bg3 {[%clk 0:40:06]} Ra7
{[%clk 0:37:07]} 23. Nd2 {[%clk 0:35:36]} Bd8 {[%clk 0:30:05]} 24. Ne4
{[%clk 0:32:26]} Bg5 {[%clk 0:24:46]} 25. Rc2 {[%clk 0:31:18]} Be7
{[%clk 0:23:12]} 26. Nd6 {[%clk 0:30:35]} Rd8 {[%clk 0:22:31]} 27. Nf5
{[%clk 0:22:51]} Bf8 {[%clk 0:21:40]} 28. Rc4 {[%clk 0:20:29]} d3
{[%clk 0:17:10]} 29. Ne3 {[%clk 0:15:38]} a5 {[%clk 0:10:54]} 30. a3
{[%clk 0:14:56]} Ra6 {[%clk 0:10:48]} 31. Nd5 {[%clk 0:14:27]} Nd7
{[%clk 0:10:20]} 32. e6 {[%clk 0:09:46]} fxe6 {[%clk 0:09:54]} 33. Nc7
{[%clk 0:10:15]} Rb6 {[%clk 0:10:09]} 34. Bxc6 {[%clk 0:08:53]} bxc6
{[%clk 0:06:56]} 35. Rxd3 {[%clk 0:09:14]} e5 {[%clk 0:07:13]} 36. Rc2
{[%clk 0:08:08]} Rb7 {[%clk 0:07:25]} 37. Rxc6 {[%clk 0:05:05]} Nb8
{[%clk 0:07:04]} 38. Rb6 {[%clk 0:05:16]} Rxb6 {[%clk 0:06:50]} 39. Rxd8
{[%clk 0:05:43]} Kf7 {[%clk 0:04:26]} 40. Bxe5 {[%clk 0:34:39]} Nc6
{[%clk 0:34:02]} 41. Rd7+ {[%clk 0:32:46]} Kg8 {[%clk 0:29:59]} 42. Nd5
{[%clk 0:31:27]} Rb5 {[%clk 0:25:37]} 43. Bc3 {[%clk 0:31:42]} Rc5
{[%clk 0:24:38]} 44. Rc7 {[%clk 0:29:52]} Bd6 {[%clk 0:23:16]} 45. Rxg7+
{[%clk 0:29:22]} Kf8 {[%clk 0:23:38]} 46. Nc7 {[%clk 0:29:49]} Nd8
{[%clk 0:23:45]} 47. Rg6 {[%clk 0:24:55]} Bxc7 {[%clk 0:24:08]} 48. Rxh6
{[%clk 0:25:24]} Nf7 {[%clk 0:24:16]} 49. Ra6 {[%clk 0:25:29]} Nd6
{[%clk 0:23:36]} 50. Ke2 {[%clk 0:23:08]} Nb5 {[%clk 0:21:28]} 51. Bf6
{[%clk 0:22:57]} Rc2+ {[%clk 0:20:20]} 52. Kf3 {[%clk 0:23:00]} Kf7
{[%clk 0:18:27]} 53. a4 {[%clk 0:20:32]} Nd6 {[%clk 0:17:53]} 54. Bc3
{[%clk 0:20:28]} Ke6 {[%clk 0:15:35]} 55. h4 {[%clk 0:20:04]} Kd7
{[%clk 0:09:10]} 56. h5 {[%clk 0:19:30]} Nf7 {[%clk 0:09:10]} 57. g4
{[%clk 0:13:44]} Ng5+ {[%clk 0:08:15]} 58. Ke3 {[%clk 0:13:28]} Rc1
{[%clk 0:06:23]} 59. f4 {[%clk 0:10:57]} Nh3 {[%clk 0:06:27]} 60. Ra7
{[%clk 0:10:07]} Kc8 {[%clk 0:03:11]} 61. Rxc7+ {[%clk 0:10:33]} Kxc7
{[%clk 0:03:37]} 62. h6 {[%clk 0:11:01]} Rh1 {[%clk 0:01:46]} 63. h7
{[%clk 0:11:25]} Nxf4 {[%clk 0:02:12]} 64. h8=Q {[%clk 0:11:42]} Nd5+
{[%clk 0:02:38]} 65. Ke4 {[%clk 0:11:51]} Rxh8 {[%clk 0:02:42]} 66. Bxh8
{[%clk 0:12:18]} Kd6 {[%clk 0:03:06]} 67. Bd4 {[%clk 0:11:56]} Ke6
{[%clk 0:03:16]} 68. b3 {[%clk 0:12:22]} Nb4 {[%clk 0:03:31]} 69. Bc3
{[%clk 0:12:30]} Nc6 {[%clk 0:03:55]} 70. g5 {[%clk 0:12:55]} 1-0

[Event "Moscow Open 2016 A"]
[Site "?"]
[Date "2016.02.04"]
[Round "6.14"]
[White "Bigaliev, Renat"]
[Black "Pridorozhni, Aleksei"]
[Result "0-1"]
[BlackElo "2550"]
[WhiteElo "2422"]
[LiveChessVersion "1.4.7"]

1. d4 {[%clk 1:30:58]} f5 {[%clk 1:30:50]} 2. c4 {[%clk 1:30:57]} e6
{[%clk 1:31:07]} 3. g3 {[%clk 1:30:55]} Nf6 {[%clk 1:31:27]} 4. Bg2
{[%clk 1:31:20]} c6 {[%clk 1:31:43]} 5. Qc2 {[%clk 1:29:47]} d5 {[%clk 1:31:33]}
6. Nh3 {[%clk 1:30:03]} Bd6 {[%clk 1:29:29]} 7. Bf4 {[%clk 1:28:15]} Be7
{[%clk 1:28:28]} 8. Nd2 {[%clk 1:26:53]} O-O {[%clk 1:28:03]} 9. O-O
{[%clk 1:26:13]} h6 {[%clk 1:25:09]} 10. Bxb8 {[%clk 1:24:23]} Rxb8
{[%clk 1:12:18]} 11. Nf4 {[%clk 1:24:44]} Bd6 {[%clk 1:08:43]} 12. Nd3
{[%clk 1:24:39]} Bd7 {[%clk 1:04:51]} 13. Nf3 {[%clk 1:22:48]} Be8
{[%clk 1:04:24]} 14. e3 {[%clk 1:18:05]} Bh5 {[%clk 0:58:06]} 15. Nfe5
{[%clk 1:17:00]} g5 {[%clk 0:53:03]} 16. b4 {[%clk 1:08:13]} Nd7 {[%clk 0:50:58]}
17. Nxd7 {[%clk 1:00:12]} Qxd7 {[%clk 0:42:13]} 18. c5 {[%clk 0:54:31]} Bc7
{[%clk 0:42:11]} 19. f4 {[%clk 0:54:51]} Qg7 {[%clk 0:41:38]} 20. Ne5
{[%clk 0:51:29]} Kh8 {[%clk 0:34:05]} 21. a4 {[%clk 0:46:45]} Bxe5
{[%clk 0:31:11]} 22. dxe5 {[%clk 0:46:36]} gxf4 {[%clk 0:29:28]} 23. exf4
{[%clk 0:46:26]} Be8 {[%clk 0:29:38]} 24. Bf3 {[%clk 0:39:05]} Rg8
{[%clk 0:24:57]} 25. Rab1 {[%clk 0:33:03]} h5 {[%clk 0:22:34]} 26. Kf2
{[%clk 0:30:19]} h4 {[%clk 0:21:59]} 27. Rg1 {[%clk 0:24:14]} Qh6
{[%clk 0:22:11]} 28. Qe2 {[%clk 0:23:52]} Rg7 {[%clk 0:21:11]} 29. b5
{[%clk 0:22:47]} Rc8 {[%clk 0:18:35]} 30. b6 {[%clk 0:13:23]} axb6
{[%clk 0:18:18]} 31. Rxb6 {[%clk 0:11:40]} Ra8 {[%clk 0:18:32]} 32. Rb4
{[%clk 0:10:38]} Ra5 {[%clk 0:12:42]} 33. Qe3 {[%clk 0:09:40]} Bh5
{[%clk 0:12:02]} 34. Bg2 {[%clk 0:09:43]} Rd7 {[%clk 0:09:59]} 35. Rgb1
{[%clk 0:09:34]} Qf8 {[%clk 0:06:15]} 36. Rc1 {[%clk 0:09:48]} Qa8
{[%clk 0:05:37]} 37. Qd4 {[%clk 0:09:58]} Rg7 {[%clk 0:05:35]} 38. Rc3
{[%clk 0:09:10]} Qg8 {[%clk 0:05:27]} 39. Rb1 {[%clk 0:08:02]} Qa8
{[%clk 0:04:51]} 40. Rb4 {[%clk 0:38:07]} Qf8 {[%clk 0:33:27]} 41. Rb6
{[%clk 0:35:05]} Rd7 {[%clk 0:22:51]} 42. Kg1 {[%clk 0:29:50]} Qg7
{[%clk 0:19:22]} 43. Rcb3 {[%clk 0:27:00]} Qe7 {[%clk 0:18:52]} 44. Rc3
{[%clk 0:27:08]} Be2 {[%clk 0:17:53]} 45. Qb4 {[%clk 0:23:22]} Ra8
{[%clk 0:18:06]} 46. Re3 {[%clk 0:22:05]} Bc4 {[%clk 0:16:37]} 47. a5
{[%clk 0:17:48]} d4 {[%clk 0:15:46]} 48. Re1 {[%clk 0:16:08]} Bb5
{[%clk 0:14:36]} 49. Rc1 {[%clk 0:13:26]} d3 {[%clk 0:13:49]} 50. Qd2
{[%clk 0:13:49]} Rg8 {[%clk 0:11:56]} 51. Kf2 {[%clk 0:11:51]} Qd8
{[%clk 0:08:20]} 52. Bf3 {[%clk 0:11:08]} Rh7 {[%clk 0:08:35]} 53. Rg1
{[%clk 0:01:38]} Qd4+ {[%clk 0:07:55]} 54. Qe3 {[%clk 0:01:31]} hxg3+
{[%clk 0:07:51]} 55. hxg3 {[%clk 0:01:43]} Rh2+ {[%clk 0:07:32]} 0-1

[Event "Moscow Open 2016 A"]
[Site "?"]
[Date "2016.02.04"]
[Round "6.15"]
[White "Bernadskiy, Vitaliy"]
[Black "Shtembuliak, Evgeny"]
[Result "1-0"]
[BlackElo "2420"]
[WhiteElo "2546"]
[LiveChessVersion "1.4.7"]

1. d4 {[%clk 1:30:57]} Nf6 {[%clk 1:30:48]} 2. Nf3 {[%clk 1:31:23]} d6
{[%clk 1:29:29]} 3. Nc3 {[%clk 1:30:37]} Bf5 {[%clk 1:28:39]} 4. Nh4
{[%clk 1:21:47]} Bd7 {[%clk 1:28:52]} 5. e4 {[%clk 1:20:11]} e5 {[%clk 1:29:11]}
6. Nf3 {[%clk 1:19:45]} Nc6 {[%clk 1:29:34]} 7. Bc4 {[%clk 1:16:57]} exd4
{[%clk 1:22:25]} 8. Nxd4 {[%clk 1:17:21]} g6 {[%clk 1:22:23]} 9. Bg5
{[%clk 1:14:31]} Bg7 {[%clk 0:54:11]} 10. Nxc6 {[%clk 1:01:12]} Bxc6
{[%clk 0:48:47]} 11. O-O {[%clk 0:57:53]} h6 {[%clk 0:44:30]} 12. Bh4
{[%clk 0:57:49]} g5 {[%clk 0:43:44]} 13. Bg3 {[%clk 0:57:50]} Qe7
{[%clk 0:41:10]} 14. Re1 {[%clk 0:56:43]} Nd7 {[%clk 0:39:16]} 15. Nd5
{[%clk 0:54:01]} Bxd5 {[%clk 0:39:36]} 16. exd5 {[%clk 0:53:47]} Ne5
{[%clk 0:39:49]} 17. Bb5+ {[%clk 0:53:24]} Kf8 {[%clk 0:40:13]} 18. Qd2
{[%clk 0:47:41]} h5 {[%clk 0:33:41]} 19. h3 {[%clk 0:42:20]} h4 {[%clk 0:23:58]}
20. Bh2 {[%clk 0:42:15]} f5 {[%clk 0:19:43]} 21. f4 {[%clk 0:41:49]} gxf4
{[%clk 0:20:11]} 22. Bxf4 {[%clk 0:40:55]} Kg8 {[%clk 0:18:59]} 23. Rf1
{[%clk 0:39:00]} Rf8 {[%clk 0:19:17]} 24. Rae1 {[%clk 0:37:16]} Qf6
{[%clk 0:15:03]} 25. c3 {[%clk 0:26:59]} Bh6 {[%clk 0:11:24]} 26. Qd4
{[%clk 0:20:50]} Bxf4 {[%clk 0:10:51]} 27. Rxf4 {[%clk 0:21:14]} b6
{[%clk 0:07:28]} 28. Ref1 {[%clk 0:21:17]} Rh5 {[%clk 0:03:25]} 29. Be2
{[%clk 0:19:29]} Rh6 {[%clk 0:02:38]} 30. Qf2 {[%clk 0:18:55]} Qe7
{[%clk 0:01:05]} 31. Rxf5 {[%clk 0:18:47]} Rxf5 {[%clk 0:01:34]} 32. Qxf5
{[%clk 0:19:09]} Rg6 {[%clk 0:01:42]} 33. Bh5 {[%clk 0:14:32]} Rg7
{[%clk 0:01:31]} 34. Qc8+ {[%clk 0:14:43]} Kh7 {[%clk 0:01:57]} 35. Qf5+
{[%clk 0:10:41]} Kh6 {[%clk 0:01:16]} 36. Be2 {[%clk 0:08:30]} Qg5
{[%clk 0:00:44]} 37. Rf2 {[%clk 0:07:59]} Qc1+ {[%clk 0:00:34]} 38. Kh2
{[%clk 0:08:03]} Qg5 {[%clk 0:00:36]} 39. Qxg5+ {[%clk 0:04:45]} Kxg5
{[%clk 0:00:51]} 40. g3 {[%clk 0:32:19]} Re7 {[%clk 0:30:43]} 41. gxh4+
{[%clk 0:31:38]} Kxh4 {[%clk 0:29:53]} 42. Rf5 {[%clk 0:26:44]} Rh7
{[%clk 0:30:08]} 43. b4 {[%clk 0:26:44]} a5 {[%clk 0:29:27]} 44. bxa5
{[%clk 0:25:30]} bxa5 {[%clk 0:29:55]} 45. Rf4+ {[%clk 0:25:33]} Kg5
{[%clk 0:30:14]} 46. Ra4 {[%clk 0:25:53]} Rh4 {[%clk 0:30:25]} 47. Rxa5
{[%clk 0:19:22]} Re4 {[%clk 0:30:09]} 48. Bf1 {[%clk 0:16:55]} Re3
{[%clk 0:22:54]} 49. Ra3 {[%clk 0:17:03]} Nf3+ {[%clk 0:12:23]} 50. Kg2
{[%clk 0:16:18]} Nd2 {[%clk 0:12:39]} 51. Bb5 {[%clk 0:12:47]} Ne4
{[%clk 0:10:27]} 52. Rb3 {[%clk 0:12:09]} Kf4 {[%clk 0:09:37]} 53. a4
{[%clk 0:07:42]} Rg3+ {[%clk 0:09:18]} 54. Kh2 {[%clk 0:07:11]} Rg5
{[%clk 0:08:09]} 55. Rb2 {[%clk 0:04:04]} Rxd5 {[%clk 0:07:32]} 56. c4
{[%clk 0:03:38]} Rd1 {[%clk 0:05:54]} 57. Ra2 {[%clk 0:03:05]} Nd2
{[%clk 0:01:04]} 58. Kg2 {[%clk 0:02:50]} c6 {[%clk 0:00:45]} 59. Bxc6
{[%clk 0:03:04]} Nxc4 {[%clk 0:01:05]} 60. a5 {[%clk 0:03:14]} Nxa5
{[%clk 0:00:39]} 61. Ra4+ {[%clk 0:03:25]} Ke5 {[%clk 0:00:57]} 62. Rxa5+
{[%clk 0:03:51]} d5 {[%clk 0:01:20]} 63. Kf3 {[%clk 0:03:38]} Kd6
{[%clk 0:00:40]} 64. Bb5 {[%clk 0:03:21]} Ke5 {[%clk 0:00:48]} 65. Be2
{[%clk 0:03:39]} Rg1 {[%clk 0:00:32]} 66. Kf2 {[%clk 0:03:55]} Rg7
{[%clk 0:00:32]} 67. Bf3 {[%clk 0:04:09]} Rd7 {[%clk 0:00:34]} 68. Ke3
{[%clk 0:04:29]} Kf6 {[%clk 0:00:31]} 69. Bxd5 {[%clk 0:04:41]} Rh7
{[%clk 0:00:56]} 70. Bg2 {[%clk 0:04:51]} Rh4 {[%clk 0:01:17]} 71. Kf3
{[%clk 0:05:12]} Rb4 {[%clk 0:01:27]} 72. Kg3 {[%clk 0:05:32]} Kg6
{[%clk 0:01:46]} 73. Bf3 {[%clk 0:05:45]} Kh6 {[%clk 0:02:05]} 74. Ra6+
{[%clk 0:05:59]} Kg7 {[%clk 0:02:26]} 75. Bg4 {[%clk 0:05:41]} Rb7
{[%clk 0:02:27]} 76. Kf4 {[%clk 0:06:00]} Rc7 {[%clk 0:02:50]} 77. Kg5
{[%clk 0:06:20]} Rb7 {[%clk 0:03:14]} 78. Bf5 {[%clk 0:06:42]} Rb8
{[%clk 0:03:20]} 79. Ra7+ {[%clk 0:06:30]} Kh8 {[%clk 0:03:45]} 80. Kh6
{[%clk 0:06:32]} Re8 {[%clk 0:03:49]} 81. Bg6 {[%clk 0:05:04]} Rf8
{[%clk 0:03:59]} 82. Bf7 {[%clk 0:04:02]} Rb8 {[%clk 0:03:11]} 83. Be6
{[%clk 0:04:16]} Rb7 {[%clk 0:03:37]} 84. Ra8+ {[%clk 0:04:41]} 1-0

[Event "Moscow Open 2016 A"]
[Site "?"]
[Date "2016.02.04"]
[Round "6.16"]
[White "Tsydypov, Zhamsaran"]
[Black "Yudin, Sergei"]
[Result "0-1"]
[BlackElo "2545"]
[WhiteElo "2420"]
[LiveChessVersion "1.4.7"]

1. d4 {[%clk 1:30:59]} d5 {[%clk 1:18:51]} 2. c4 {[%clk 1:31:18]} e6
{[%clk 1:19:16]} 3. Nf3 {[%clk 1:31:31]} c6 {[%clk 1:19:33]} 4. Bg5
{[%clk 1:31:22]} Be7 {[%clk 1:18:35]} 5. Bxe7 {[%clk 1:31:43]} Qxe7
{[%clk 1:18:59]} 6. Qc2 {[%clk 1:31:55]} Nf6 {[%clk 1:18:43]} 7. e3
{[%clk 1:31:58]} O-O {[%clk 1:14:35]} 8. Nc3 {[%clk 1:31:59]} Nbd7
{[%clk 1:12:29]} 9. Be2 {[%clk 1:31:51]} dxc4 {[%clk 1:09:26]} 10. Bxc4
{[%clk 1:32:07]} c5 {[%clk 1:09:33]} 11. O-O-O {[%clk 1:25:59]} a6
{[%clk 1:07:13]} 12. d5 {[%clk 1:14:49]} b5 {[%clk 1:01:09]} 13. dxe6
{[%clk 1:14:44]} fxe6 {[%clk 1:01:24]} 14. Bd3 {[%clk 1:14:01]} Bb7
{[%clk 1:01:04]} 15. Ng5 {[%clk 1:08:46]} h6 {[%clk 0:58:21]} 16. h4
{[%clk 1:07:49]} Ne5 {[%clk 0:54:15]} 17. Bh7+ {[%clk 1:05:20]} Kh8
{[%clk 0:53:49]} 18. f3 {[%clk 1:04:28]} Nc4 {[%clk 0:44:22]} 19. Rde1
{[%clk 0:51:26]} Rad8 {[%clk 0:40:28]} 20. Ne2 {[%clk 0:51:16]} e5
{[%clk 0:35:21]} 21. Ng3 {[%clk 0:51:12]} e4 {[%clk 0:33:04]} 22. Bxe4
{[%clk 0:41:35]} Rd2 {[%clk 0:31:40]} 23. Qc3 {[%clk 0:40:53]} Bxe4
{[%clk 0:31:27]} 24. N5xe4 {[%clk 0:25:20]} Nxe4 {[%clk 0:26:02]} 25. Nxe4
{[%clk 0:24:36]} Rxg2 {[%clk 0:26:19]} 26. Rh3 {[%clk 0:04:17]} Nxb2
{[%clk 0:23:41]} 27. Ng5 {[%clk 0:01:14]} b4 0-1

[Event "Moscow Open 2016 A"]
[Site "?"]
[Date "2016.02.04"]
[Round "6.17"]
[White "Bajarani, Ulvi"]
[Black "Khegay, Dmitriy"]
[Result "1/2-1/2"]
[BlackElo "2416"]
[WhiteElo "2540"]
[LiveChessVersion "1.4.7"]

1. d4 {[%clk 1:30:56]} Nf6 {[%clk 1:19:47]} 2. c4 {[%clk 1:30:47]} e6
{[%clk 1:20:15]} 3. Nc3 {[%clk 1:31:07]} Bb4 {[%clk 1:20:40]} 4. Qc2
{[%clk 1:31:29]} O-O {[%clk 1:21:02]} 5. a3 {[%clk 1:31:49]} Bxc3+
{[%clk 1:21:27]} 6. Qxc3 {[%clk 1:32:12]} b6 {[%clk 1:21:53]} 7. Bg5
{[%clk 1:32:26]} Bb7 {[%clk 1:22:17]} 8. e3 {[%clk 1:32:41]} d6 {[%clk 1:21:32]}
9. f3 {[%clk 1:32:52]} h6 {[%clk 1:21:42]} 10. Bh4 {[%clk 1:33:17]} Nbd7
{[%clk 1:22:10]} 11. Rd1 {[%clk 1:33:06]} Re8 {[%clk 1:21:13]} 12. Ne2
{[%clk 1:30:03]} Rc8 {[%clk 1:20:34]} 13. Qc2 {[%clk 1:29:23]} d5
{[%clk 1:15:41]} 14. Nc3 {[%clk 1:27:24]} c5 {[%clk 0:57:51]} 15. dxc5
{[%clk 1:24:20]} bxc5 {[%clk 0:55:21]} 16. Be2 {[%clk 1:21:59]} Qb6
{[%clk 0:55:50]} 17. O-O {[%clk 1:16:10]} Bc6 {[%clk 0:56:18]} 18. Bf2
{[%clk 1:12:53]} Qb7 {[%clk 0:45:46]} 19. Bg3 {[%clk 1:06:36]} Qb6
{[%clk 0:39:21]} 20. Bf2 {[%clk 1:06:03]} Qb7 {[%clk 0:39:44]} 21. Rd2
{[%clk 1:06:02]} Ne5 {[%clk 0:37:39]} 22. cxd5 {[%clk 1:05:26]} exd5
{[%clk 0:38:04]} 23. Rfd1 {[%clk 1:05:28]} Qe7 {[%clk 0:28:27]} 24. h3
{[%clk 1:01:10]} Qb7 {[%clk 0:28:24]} 25. Rb1 {[%clk 0:54:10]} Qe7
{[%clk 0:16:54]} 26. b4 {[%clk 0:51:41]} cxb4 {[%clk 0:15:16]} 27. axb4
{[%clk 0:50:46]} Ba8 {[%clk 0:10:55]} 28. Qb2 {[%clk 0:49:55]} Nc4
{[%clk 0:11:14]} 29. Bxc4 {[%clk 0:50:19]} Rxc4 {[%clk 0:11:40]} 30. Ne2
{[%clk 0:49:45]} Rb8 {[%clk 0:11:19]} 31. Rd4 {[%clk 0:47:26]} Rc6
{[%clk 0:09:26]} 32. b5 {[%clk 0:44:11]} Rcb6 {[%clk 0:09:43]} 33. Rb4
{[%clk 0:42:42]} a6 {[%clk 0:09:20]} 34. Nd4 {[%clk 0:36:32]} axb5
{[%clk 0:09:43]} 35. Rc1 {[%clk 0:36:39]} Ne8 {[%clk 0:08:19]} 36. Nf5
{[%clk 0:34:59]} Qf6 {[%clk 0:08:24]} 37. Qxf6 {[%clk 0:35:06]} Nxf6
{[%clk 0:08:26]} 38. Bg3 {[%clk 0:34:17]} Re8 {[%clk 0:07:15]} 39. Nd6
{[%clk 0:31:23]} Rf8 {[%clk 0:07:41]} 40. Rxb5 {[%clk 1:01:18]} Rxb5
{[%clk 0:37:23]} 41. Nxb5 {[%clk 1:01:41]} Bb7 {[%clk 0:37:46]} 42. Nd6
{[%clk 0:59:08]} Ba6 {[%clk 0:36:20]} 43. Be5 {[%clk 0:53:11]} Rd8
{[%clk 0:29:38]} 44. Ra1 {[%clk 0:44:58]} Bc4 {[%clk 0:25:23]} 45. Ra7
{[%clk 0:44:09]} Rd7 {[%clk 0:22:01]} 46. Ra8+ {[%clk 0:44:28]} Kh7
{[%clk 0:22:24]} 47. Rf8 {[%clk 0:36:46]} Bb3 {[%clk 0:04:45]} 48. Nf5
{[%clk 0:33:39]} Bc2 {[%clk 0:01:20]} 49. Nd4 {[%clk 0:33:51]} Bd3
{[%clk 0:01:48]} 50. Bxf6 {[%clk 0:32:30]} gxf6 {[%clk 0:02:17]} 51. Rc8
{[%clk 0:32:15]} Ra7 {[%clk 0:02:02]} 52. Kh2 {[%clk 0:31:06]} Bc4
{[%clk 0:01:28]} 53. g4 {[%clk 0:28:28]} Ra3 {[%clk 0:01:54]} 54. Re8
{[%clk 0:28:37]} h5 {[%clk 0:01:49]} 55. gxh5 {[%clk 0:28:35]} Kh6
{[%clk 0:02:17]} 56. Rh8+ {[%clk 0:22:52]} Kg7 {[%clk 0:02:46]} 57. Rc8
{[%clk 0:23:14]} Kh6 {[%clk 0:02:51]} 58. e4 {[%clk 0:23:39]} Ba2
{[%clk 0:01:25]} 59. Nf5+ {[%clk 0:21:36]} Kh7 {[%clk 0:01:54]} 60. Rc2
{[%clk 0:18:24]} dxe4 {[%clk 0:02:01]} 61. fxe4 {[%clk 0:18:50]} Be6
{[%clk 0:01:35]} 62. Ng3 {[%clk 0:19:11]} Rf3 {[%clk 0:01:32]} 63. Kg2
{[%clk 0:19:26]} Rf4 {[%clk 0:01:47]} 1/2-1/2